000
00502nam a2200181Ia 4500
008
090124s9999 xx 000 0 und d
082
_b
36780
100
_a
सोमण मंजूषा
245
_a
रणांगण
250
_a
1
260
_b
तनुजा प्रकाशन
_c
1999
300
_a
80
600
_a
सोमण मंजूषा
630
_a
रणांगण
700
_a
सोमण मंजूषा
730
_a
रणांगण
942
_c
BOOK
999
_c
102772
_d
102772